MARC

LEADER 00000nam0a2200000 4500
001 297353
005 20231102001011.0
020 |a RU  |b 83-60447 
035 |a (RuTPU)RU\TPU\book\322486 
090 |a 297353 
100 |a 20150608d1983 m y0rusy5003 ca 
101 0 |a rus 
102 |a RU 
105 |a y j 001zy 
200 1 |a Токсичность химических веществ  |e конспект лекций  |f Г. Н. Титова 
210 |a Ленинград  |c [Б. и.]  |d 1983 
215 |a 52 с. 
320 |a Библиогр.: с. 39-40 
606 1 |a Химические вещества  |x Токсичность  |2 stltpush  |3 (RuTPU)RU\TPU\subj\17214  |9 42997 
610 1 |a вредные вещества 
610 1 |a регламентация 
610 1 |a стандартизация 
610 1 |a токсикологическая характеристика 
610 1 |a ПДК 
610 1 |a нормативы 
610 1 |a лекции 
610 1 |a учебные пособия 
675 |a 613.63(075.8)  |z rus  |v 4 
700 1 |a Титова  |b Г. Н.  |g Галина Николаевна  |4 070 
801 0 |a RU  |b RuMRKP  |c 19950704  |g psbo 
801 1 |a RU  |b 63413507  |c 20150608 
801 2 |a RU  |b 63413507  |c 20181126  |g RCR 
942 |c BK